[Event "Porto District-ch U20"]
[Site "Matosinhos"]
[Date "2008.02.10"]
[Round "9"]
[White "Maio, Nuno Miguel Oliveir"]
[Black "Pereira, Antonio Pedro Caram"]
[Result "0-1"]
[WhiteElo "1561"]
[BlackElo "2038"]
[PlyCount "48"]
[EventDate "2008.02.02"]
[EventType "tourn"]
[EventRounds "9"]
[EventCountry "POR"]
[SourceTitle "EXT 2024"]
[Source "ChessBase"]
[SourceDate "2023.10.10"]
[SourceVersion "1"]
[SourceVersionDate "2023.10.10"]
[SourceQuality "1"]

1. Nf3 Nf6 2. g3 d5 3. Bg2 c6 4. d4 Bf5 5. Nbd2 e6 6. 0-0 Nbd7 7. Re1 h6 8. Nh4 Bh7 9. f4 Be7 10. Nhf3 Ne4 11. Ne5 Nxd2 12. Bxd2 Nf6 13. e3 Be4 14. Bxe4 Nxe4 15. Nd3 0-0 16. Nf2 f5 17. Nd3 Bf6 18. Ne5 Bxe5 19. fxe5 g5 20. Bb4 Rf7 21. Rc1 g4 22. c4 dxc4 23. Rxc4 Qd5 24. b3 Ng5 0-1